LEADER 02501nam 2200733 a 450 001 9910954191203321 005 20251116203721.0 010 $a1-383-04038-9 010 $a1-281-16424-0 010 $a9786611164249 010 $a0-19-153220-7 010 $a1-4356-1424-0 024 7 $a10.1093/oso/9780199261994.001.0001 035 $a(CKB)1000000000412401 035 $a(EBL)415198 035 $a(OCoLC)476240829 035 $a(SSID)ssj0000129150 035 $a(PQKBManifestationID)12000027 035 $a(PQKBTitleCode)TC0000129150 035 $a(PQKBWorkID)10070676 035 $a(PQKB)10900101 035 $a(Au-PeEL)EBL415198 035 $a(CaPaEBR)ebr10211756 035 $a(OCoLC)437093063 035 $a(Au-PeEL)EBL4963383 035 $a(CaONFJC)MIL116424 035 $a(OCoLC)183601465 035 $a(MiAaPQ)EBC415198 035 $a(OCoLC)1406780892 035 $a(StDuBDS)9781383040388 035 $a(MiAaPQ)EBC4963383 035 $a(EXLCZ)991000000000412401 100 $a20070719d2008 uy 0 101 0 $aeng 135 $aur|n|---||||| 181 $ctxt 182 $cc 183 $acr 200 10$aConstituent structure /$fAndrew Carnie 205 $a1st ed. 210 $aOxford ;$aNew York $cOxford University Press$d2008 215 $a1 online resource (313 p.) 225 1 $aOxford linguistics 225 1 $aOxford surveys in syntax and morphology ;$v5 300 $aFormerly CIP.$5Uk 300 $aPreviously issued in print: 2007. 311 08$a0-19-926200-4 311 08$a0-19-926199-7 320 $aIncludes bibliographical references (p. [261]-286) and index. 327 $aContents; Acknowledgements; General Preface; Abbreviations; Symbols Used; Part 1. Preliminaries; Part 2. Phrase Structure Grammars and X-bar Theory; Part 3. Controversies; References; Index; 330 8 $aThis text explores the empirical and theoretical aspects of constituent structure in natural language syntax, critically examining the strengths and limitations of different approaches. 410 0$aOxford linguistics. 410 0$aOxford surveys in syntax and morphology ;$v5. 606 $aGrammar, Comparative and general 615 0$aGrammar, Comparative and general. 676 $a415 700 $aCarnie$b Andrew$f1969-$0297126 801 0$bMiAaPQ 801 1$bMiAaPQ 801 2$bMiAaPQ 906 $aBOOK 912 $a9910954191203321 996 $aConstituent structure$94465216 997 $aUNINA